[Event "HB Global CC"]
[Site "Minneapolis USA"]
[Date "2005.05.19"]
[Round "3"]
[White "Altanoch,G"]
[Black "Kiriakov,P"]
[Result "0-1"]
[WhiteElo "2272"]
[BlackElo "2565"]
[EventDate "2005.05.18"]

1. d4 e6 2. c4 Nf6 3. Nc3 Bb4 4. e3 c5 5. Nge2 cxd4 6. exd4 O-O 7. a3 Be7
8. d5 exd5 9. cxd5 Re8 10. g3 Bc5 11. Bg2 d6 12. O-O a6 13. Nd4 Nbd7 14. h3
Ne5 15. Bg5 Bxd4 16. Qxd4 Bxh3 17. Ne4 Bxg2 18. Kxg2 Rc8 19. Rac1 Qe7 20.
Rfe1 Rxc1 21. Rxc1 Ned7 22. Nxf6+ Nxf6 23. Bxf6 gxf6 24. Rc4 f5 25. Qd3 Qe2
26. Qxe2 Rxe2 27. Rb4 b5 28. a4 Re4 29. Rxe4 fxe4 30. axb5 axb5 31. g4 Kg7
32. Kg3 Kf6 33. Kf4 h6 34. b3 Kg6 35. Kxe4 Kg5 36. Kf3 f5 37. gxf5 Kxf5 38.
b4 Ke5 39. Kg4 Kxd5 40. Kh5 Ke4 41. Kxh6 Kf4 0-1

[Event "HB Global CC"]
[Site "Minneapolis USA"]
[Date "2005.05.19"]
[Round "3"]
[White "Schneider,Ig"]
[Black "Gonzalez,Ren"]
[Result "1/2-1/2"]
[WhiteElo "2322"]
[BlackElo "2483"]
[EventDate "2005.05.18"]

1. e4 d5 2. exd5 Qxd5 3. Nc3 Qa5 4. d4 Nf6 5. Nf3 c6 6. Bc4 Bf5 7. Ne5 e6
8. g4 Bg6 9. h4 Bd6 10. h5 Be4 11. O-O Bd5 12. Bd3 Bxe5 13. dxe5 Nfd7 14.
Qe2 Qd8 15. Bd2 Nc5 16. Nxd5 cxd5 17. Bb4 Nbd7 18. Bb5 b6 19. c4 d4 20.
Rad1 a6 21. Bc6 Rc8 22. Bxc5 bxc5 23. Bb7 Rc7 24. Bxa6 Ra7 25. Bb5 Rxa2 26.
Qe4 O-O 27. b4 Qe7 28. Bxd7 Qxd7 29. bxc5 Ra5 30. Qxd4 Qc7 31. Rfe1 Rxc5
32. Re4 h6 33. Rc1 Rc8 34. Qe3 Qe7 35. Kg2 Qb7 36. Kh2 Qe7 37. Kh3 Ra5 38.
Kg2 Ra3 39. Rc3 Ra1 40. c5 Qb7 41. Rb3 Qa6 42. Qd3 1/2-1/2

[Event "HB Global CC"]
[Site "Minneapolis USA"]
[Date "2005.05.19"]
[Round "3"]
[White "Atoofi,P"]
[Black "Sharavdorj,D"]
[Result "1/2-1/2"]
[WhiteElo "2284"]
[BlackElo "2453"]
[EventDate "2005.05.18"]

1. e4 e6 2. d4 d5 3. exd5 exd5 4. Nf3 Nf6 5. Bd3 Bg4 6. O-O Be7 7. Bg5 O-O
8. Nbd2 Nc6 9. c3 h6 10. Bh4 Nh5 11. Bxe7 Qxe7 12. g3 Qd6 13. Qc2 Qf6 14.
Kg2 Qe6 15. Ng1 Qd6 16. f4 Bd7 17. f5 Rae8 18. Qd1 Nf6 19. Qf3 Re7 20. Rfe1
Rfe8 21. Kf1 Na5 22. Rxe7 Qxe7 23. Qf4 Qe3 24. Qxe3 Rxe3 25. Bc2 Bb5+ 26.
Kg2 b6 27. Rc1 c5 28. Bb1 Nc4 29. Nxc4 dxc4 30. dxc5 Bc6+ 31. Kh3 bxc5 32.
Rd1 Kh7 33. Bc2 Bd5 34. Rd2 Re1 35. Ne2 Bf3 36. Nf4 Rf1 37. a3 h5 38. Kh4
Ne4 39. Bxe4 Bxe4 40. f6 g6 41. Kg5 Bd3 42. h3 Rf3 43. g4 h4 44. b4 cxb4
45. axb4 Re3 46. Kxh4 Kh6 47. g5+ Kh7 48. Nxd3 Rxd3 49. Ra2 Rd7 50. Ra5 a6
51. Rxa6 Rd3 52. Ra3 Re3 53. Kg4 Kg8 54. b5 Re5 55. Ra8+ Kh7 56. Rc8 Re4+
57. Kf3 1/2-1/2

[Event "HB Global CC"]
[Site "Minneapolis USA"]
[Date "2005.05.19"]
[Round "3"]
[White "Tapia,D"]
[Black "Schneider,Dm"]
[Result "0-1"]
[WhiteElo "2329"]
[BlackElo "2466"]
[EventDate "2005.05.18"]

1. d4 d5 2. c4 e6 3. Nc3 c6 4. Nf3 dxc4 5. a4 Bb4 6. e3 b5 7. Bd2 a5 8.
axb5 Bxc3 9. Bxc3 cxb5 10. b3 Bb7 11. bxc4 b4 12. Bb2 Nf6 13. Bd3 Nbd7 14.
O-O O-O 15. Nd2 Qc7 16. f4 a4 17. Rb1 b3 18. Ba3 Rfd8 19. Qe2 Nb8 20. Qf2
Nc6 21. h3 Qa5 22. Rbc1 Rab8 23. c5 Ba6 24. Bxa6 Qxa6 25. Nc4 Ne4 26. Qe1
Ne7 27. Qa5 Qxa5 28. Nxa5 b2 29. Rb1 Nd2 30. c6 Nxb1 31. Rxb1 Nd5 32. c7
Nxc7 33. Nc6 Rb3 34. Nxd8 Rxa3 35. Rxb2 Rb3 36. Ra2 a3 37. e4 Nb5 0-1

[Event "HB Global CC"]
[Site "Minneapolis USA"]
[Date "2005.05.19"]
[Round "3"]
[White "Balandin,A"]
[Black "Adu,O"]
[Result "0-1"]
[WhiteElo "2365"]
[BlackElo "2296"]
[EventDate "2005.05.18"]

1. e4 c5 2. b3 d6 3. Bb2 Nc6 4. Bb5 Bd7 5. Ne2 a6 6. Bxc6 Bxc6 7. d3 e6 8.
O-O Nf6 9. Nd2 Be7 10. h3 Qc7 11. f4 d5 12. Ng3 O-O-O 13. Qe2 Rhg8 14. c4
d4 15. e5 Nd7 16. Nde4 f5 17. Nd6+ Bxd6 18. exd6 Qxd6 19. Rad1 g5 20. Bc1
gxf4 21. Bxf4 e5 22. Nxf5 Qf6 23. Bg3 Qe6 24. Kh2 Rg5 25. Rf2 0-1

[Event "HB Global CC"]
[Site "Minneapolis USA"]
[Date "2005.05.19"]
[Round "3"]
[White "Mahesh Chandran,P"]
[Black "Rogers,B"]
[Result "1/2-1/2"]
[WhiteElo "2473"]
[BlackElo "2100"]
[EventDate "2005.05.18"]

1. e4 e6 2. d4 d5 3. Nd2 Nf6 4. e5 Nfd7 5. f4 c5 6. c3 Nc6 7. Ndf3 Qb6 8.
g3 cxd4 9. cxd4 Bb4+ 10. Kf2 g5 11. fxg5 Ndxe5 12. Nxe5 Nxe5 13. Kg2 Nc4
14. Nf3 Be7 15. b3 Nd6 16. Bf4 Bd7 17. Bd3 Bb5 18. Be5 Bxd3 19. Qxd3 O-O
20. h4 Rac8 21. Rhf1 Ne4 22. Rac1 Rc6 23. Rxc6 bxc6 24. Nd2 f6 25. gxf6
Nxf6 26. Qe3 Rf7 27. Qg5+ Rg7 28. Qf4 Rf7 29. Nf3 Ne4 30. Qg4+ Kf8 31. Qxe6
Qa6 32. Kg1 Ke8 33. Bf4 Rxf4 34. gxf4 Qe2 35. Qc8+ Bd8 36. Qxc6+ Kf8 37.
Qxd5 Bf6 38. Ng5 Qg4+ 39. Kh2 1/2-1/2

[Event "HB Global CC"]
[Site "Minneapolis USA"]
[Date "2005.05.19"]
[Round "3"]
[White "Dableo,R"]
[Black "Jones,Cr"]
[Result "1/2-1/2"]
[WhiteElo "2440"]
[BlackElo "2225"]
[EventDate "2005.05.18"]

1. c4 e5 2. g3 Nf6 3. Bg2 Nc6 4. Nc3 Bb4 5. d3 O-O 6. Bd2 Re8 7. e3 Bxc3 8.
Bxc3 d5 9. cxd5 Nxd5 10. Ne2 Ndb4 11. d4 exd4 12. Nxd4 Nxd4 13. Bxb4 Bf5
14. Rc1 Be4 15. Bxe4 Rxe4 16. O-O Nf3+ 17. Qxf3 Rxb4 18. Rc2 Qe7 19. a3 Rb5
20. Rfc1 c6 21. Rd2 Rd8 22. Qe4 Qf8 23. Rcd1 Rxd2 24. Rxd2 g6 25. Rd7 Qc5
26. b4 Qf5 27. Qe7 Rd5 28. Rd8+ Rxd8 29. Qxd8+ Kg7 30. Qd4+ Kg8 31. Qd8+
Kg7 32. Qd4+ Kg8 1/2-1/2

[Event "HB Global CC"]
[Site "Minneapolis USA"]
[Date "2005.05.19"]
[Round "3"]
[White "Kustar,S"]
[Black "Van Hoolandt,P"]
[Result "1-0"]
[WhiteElo "2379"]
[BlackElo "2181"]
[EventDate "2005.05.18"]

1. Nf3 Nf6 2. c4 e6 3. g3 b6 4. Bg2 Bb7 5. O-O Be7 6. Nc3 O-O 7. Re1 d5 8.
cxd5 exd5 9. d4 Na6 10. Bf4 c5 11. Ne5 Nc7 12. dxc5 Bxc5 13. Nd3 Bd6 14.
Qa4 Ne6 15. Rad1 Be7 16. Be5 Nc5 17. Nxc5 Bxc5 18. Qf4 Be7 19. e4 d4 20.
Bxd4 Qc8 21. e5 Re8 22. Nd5 Bd8 23. Bc3 a5 24. Rc1 Qb8 25. Qe3 Bc6 26. e6
1-0

[Event "HB Global CC"]
[Site "Minneapolis USA"]
[Date "2005.05.20"]
[Round "4"]
[White "Fridman,D2"]
[Black "Del Mundo,A"]
[Result "1-0"]
[WhiteElo "2562"]
[BlackElo "2264"]
[EventDate "2005.05.18"]

1. d4 Nf6 2. Nf3 b5 3. Qd3 a6 4. e4 d5 5. exd5 Nxd5 6. a4 b4 7. Bg5 Nd7 8.
Nbd2 Bb7 9. Nc4 Qc8 10. Na5 e6 11. Qb3 c5 12. Nxb7 Qxb7 13. c4 N5f6 14. d5
exd5 15. cxd5 Bd6 16. Bc4 O-O 17. O-O Ne4 18. Bh4 Rfe8 19. Rfe1 Ndf6 20.
Bd3 Bf8 21. Qc4 Nd6 22. Qxc5 Nxd5 23. Qd4 a5 24. Red1 Nc7 25. Bg3 Rad8 26.
Bxh7+ Kxh7 27. Qh4+ Kg8 28. Ng5 1-0

[Event "HB Global CC"]
[Site "Minneapolis USA"]
[Date "2005.05.20"]
[Round "4"]
[White "Renteria,J"]
[Black "Mitkov,N"]
[Result "0-1"]
[WhiteElo "2295"]
[BlackElo "2530"]
[EventDate "2005.05.18"]

1. e4 e5 2. Nf3 Nc6 3. d4 exd4 4. Nxd4 Qh4 5. Nc3 Bb4 6. Ndb5 Ba5 7. Be2 a6
8. Nd4 Bxc3+ 9. bxc3 Nf6 10. Nxc6 dxc6 11. e5 Ng4 12. Qd4 Be6 13. h3 Rd8
14. Qf4 g5 15. Qf3 Qh6 16. Qg3 f5 17. exf6 Nxf6 18. Bxg5 Qg7 19. Bxf6 Qxf6
20. Bh5+ Kf8 21. O-O Rg8 22. Qe3 Rd5 23. Bg4 Bxg4 24. hxg4 Rxg4 25. Rfe1
Rg8 26. Rad1 0-1

[Event "HB Global CC"]
[Site "Minneapolis USA"]
[Date "2005.05.20"]
[Round "4"]
[White "Zarnicki,P"]
[Black "Plotkin,V"]
[Result "1-0"]
[WhiteElo "2523"]
[BlackElo "2192"]
[EventDate "2005.05.18"]

1. e4 e5 2. Nc3 Nf6 3. g3 d5 4. exd5 Nxd5 5. Bg2 Be6 6. Nf3 Nc6 7. O-O Nxc3
8. bxc3 e4 9. Nd4 Nxd4 10. cxd4 Qxd4 11. c3 Qd3 12. Qa4+ Bd7 13. Qxe4+ Qxe4
14. Bxe4 Bc6 15. Bxc6+ bxc6 16. Rb1 Bd6 17. d3 Kd7 18. Be3 a6 19. Rb3 Rhb8
20. Rfb1 Rxb3 21. Rxb3 Kc8 22. Kg2 Rb8 23. Rxb8+ Kxb8 24. Kf3 Kc8 25. Ke4
Kd7 26. f4 g6 27. f5 Ke7 28. Bd4 Kd7 29. Bf6 Ke8 30. Bh4 Kd7 31. h3 h5 32.
g4 hxg4 33. hxg4 Ke8 34. Bg5 Kd7 35. Bf6 Ba3 36. Be5 Bc5 37. Bf4 gxf5+ 38.
Kxf5 Bb6 39. Kf6 Ke8 40. Be5 Ba5 41. Bd4 Bb6 42. Be5 Ba5 43. a3 Bb6 44. a4
Ba5 45. Bd4 Kf8 46. Bc5+ Ke8 47. Bb4 Bb6 48. d4 Ba7 49. Ba5 Bb6 50. Bb4 a5
51. Ba3 Ba7 52. Ke5 Kd7 53. c4 f6+ 54. Kxf6 Bxd4+ 55. Kf7 Be3 56. Be7 1-0

[Event "HB Global CC"]
[Site "Minneapolis USA"]
[Date "2005.05.20"]
[Round "4"]
[White "Epishin,V"]
[Black "Kacheishvili,G"]
[Result "1-0"]
[WhiteElo "2605"]
[BlackElo "2597"]
[EventDate "2005.05.18"]

1. d4 Nf6 2. c4 e6 3. Nf3 d5 4. Nc3 Bb4 5. Bg5 h6 6. Bxf6 Qxf6 7. e3 O-O 8.
Be2 dxc4 9. O-O Rd8 10. a3 Bxc3 11. bxc3 c5 12. Ne5 Nd7 13. f4 cxd4 14.
exd4 Nxe5 15. fxe5 Qg5 16. Rf3 Bd7 17. Rg3 Qf4 18. Ra2 Bc6 19. Bh5 Rd7 20.
Rf2 Qe4 21. Qf1 Rf8 22. Rf4 Qc2 23. Rf2 Qe4 24. Rf6 Kh7 25. Rf4 Qd5 26.
Bxf7 Kh8 27. Rxg7 1-0

[Event "HB Global CC"]
[Site "Minneapolis USA"]
[Date "2005.05.20"]
[Round "4"]
[White "Matikozian,A"]
[Black "Novikov,I"]
[Result "0-1"]
[WhiteElo "2515"]
[BlackElo "2589"]
[EventDate "2005.05.18"]

1. e4 c5 2. Nf3 d6 3. Nc3 a6 4. d4 cxd4 5. Nxd4 Nf6 6. Bc4 e6 7. O-O b5 8.
Bb3 Be7 9. Qf3 Qb6 10. Be3 Qb7 11. Qg3 Nbd7 12. Rad1 b4 13. Na4 O-O 14. Bh6
Nh5 15. Qf3 Nhf6 16. Qg3 Nh5 17. Qf3 Nhf6 18. Bg5 Ne5 19. Qe2 Bd7 20. f4
Nc6 21. e5 Nxd4 22. Rxd4 dxe5 23. fxe5 Bxa4 24. Bxf6 Bc5 25. Qg4 Bxd4+ 26.
Kh1 g6 27. Qxd4 Bc6 28. Rg1 h5 29. c3 bxc3 30. bxc3 Be4 31. h3 Kh7 32. Kh2
a5 33. Re1 Bxg2 34. Bc2 Bf3 35. Rg1 Qa7 36. Qd2 Rad8 37. Qe1 Qd7 38. Bg5
Qb5 39. Rf1 f6 40. Bxf6 Rxf6 41. exf6 Qb8+ 42. Kg1 Rd2 0-1

[Event "HB Global CC"]
[Site "Minneapolis USA"]
[Date "2005.05.20"]
[Round "4"]
[White "Stripunsky,A"]
[Black "Muhammad,S"]
[Result "1/2-1/2"]
[WhiteElo "2565"]
[BlackElo "2334"]
[EventDate "2005.05.18"]

1. e4 e5 2. Nf3 Nc6 3. Bb5 a6 4. Ba4 Nf6 5. d3 b5 6. Bb3 Bb7 7. Nc3 Bc5 8.
a4 b4 9. Nd5 h6 10. Be3 Bd6 11. a5 O-O 12. O-O Nxd5 13. Bxd5 Nxa5 14. Rxa5
c6 15. Bxf7+ Rxf7 16. Ra1 Bc7 17. Nd2 d5 18. Bc5 Bb6 19. Bxb6 Qxb6 20. Qe2
Re8 21. Nb3 Bc8 22. Qe3 d4 23. Qg3 Rf4 24. Ra5 Rg4 25. Qf3 Rg5 26. h4 Rg4
27. g3 Rf8 28. Qg2 Qc7 29. f3 Rg6 30. Kh2 Rgf6 31. Raa1 g5 32. Nd2 Kh8 33.
hxg5 hxg5 34. Rh1 Rh6+ 35. Kg1 Rxh1+ 36. Qxh1+ Kg7 37. g4 Qf7 38. Qh2 Qe7
39. Kg2 Rh8 40. Qg3 Kf6 41. Nc4 Qc7 42. Rh1 Rxh1 43. Kxh1 Be6 44. Qh2 Bxc4
45. Qh6+ Ke7 46. dxc4 b3 47. Qg7+ Kd8 48. Qxg5+ Qe7 49. Qd2 Qh4+ 50. Kg2
bxc2 51. Qxc2 Qe1 52. c5 a5 53. Qc4 Qd2+ 54. Kh3 Qh6+ 55. Kg2 Qd2+ 56. Kh3
Qh6+ 1/2-1/2

[Event "HB Global CC"]
[Site "Minneapolis USA"]
[Date "2005.05.20"]
[Round "4"]
[White "Nagle,S"]
[Black "Perelshteyn,E"]
[Result "0-1"]
[WhiteElo "2397"]
[BlackElo "2507"]
[EventDate "2005.05.18"]

1. Nf3 Nf6 2. c4 c5 3. Nc3 Nc6 4. g3 g6 5. Bg2 Bg7 6. d4 cxd4 7. Nxd4 Nxd4
8. Qxd4 O-O 9. c5 d6 10. cxd6 Ne8 11. Qb4 Nxd6 12. O-O a5 13. Qb3 Be6 14.
Nd5 a4 15. Qb4 Bxd5 16. Bxd5 Qa5 17. Qxa5 Rxa5 18. Rd1 Rc8 19. Bf4 a3 20.
Rab1 axb2 21. Bb3 Nb5 22. Rd2 g5 23. Be3 Rc1+ 24. Rd1 Rxb1 0-1

[Event "HB Global CC"]
[Site "Minneapolis USA"]
[Date "2005.05.20"]
[Round "4"]
[White "Gonzales,Jay"]
[Black "Bartell,T"]
[Result "1/2-1/2"]
[WhiteElo "2474"]
[BlackElo "2321"]
[EventDate "2005.05.18"]

1. d4 d5 2. c4 dxc4 3. Nf3 Nf6 4. e3 e6 5. Bxc4 c5 6. O-O a6 7. Bb3 Nc6 8.
Nc3 b5 9. dxc5 Qxd1 10. Rxd1 Bxc5 11. Bd2 Bb7 12. Rac1 Bb6 13. a4 b4 14.
Ne2 O-O 15. Nfd4 Nxd4 16. Nxd4 a5 17. Nb5 Rfd8 18. Be1 Kf8 19. Nd6 Bd5 20.
Bxd5 Nxd5 21. Nc4 Bc7 22. Kf1 f5 23. Ke2 g5 24. f3 h5 25. g3 g4 26. e4
gxf3+ 27. Kxf3 fxe4+ 28. Kxe4 Rd7 29. Bd2 Rad8 30. Rf1+ Ke8 31. Bh6 Rf7 32.
Bg5 Rxf1 33. Rxf1 Rd7 34. Ne5 Bxe5 35. Kxe5 Nc7 36. Ke4 Rd5 37. Be3 Ke7 38.
Rc1 Ne8 39. Rc5 Nf6+ 40. Kf3 Kd6 41. Rxd5+ Nxd5 42. Ke4 Nxe3 43. Kxe3 Ke5
44. b3 Kf5 45. h3 Ke5 46. Kd3 Kd5 47. g4 hxg4 48. hxg4 Ke5 49. Ke3 Kf6 50.
Kf4 Kg6 51. Ke5 Kg5 52. Kxe6 Kxg4 53. Kd5 Kf3 1/2-1/2

[Event "HB Global CC"]
[Site "Minneapolis USA"]
[Date "2005.05.20"]
[Round "4"]
[White "Ishhanov,T"]
[Black "Khachiyan,M"]
[Result "1-0"]
[WhiteElo "2342"]
[BlackElo "2473"]
[EventDate "2005.05.18"]

1. e4 c5 2. Nf3 Nc6 3. d4 cxd4 4. Nxd4 g6 5. c4 Bg7 6. Be3 Nf6 7. Nc3 Ng4
8. Qxg4 Nxd4 9. Qd1 Ne6 10. Qd2 Qa5 11. Rc1 b6 12. b3 Bb7 13. f3 f5 14.
exf5 gxf5 15. Nd5 Qxd2+ 16. Kxd2 Be5 17. Bd3 Rg8 18. g4 fxg4 19. Bxh7 Rg7
20. Be4 Nc5 21. Bxc5 bxc5 22. Rcg1 Rb8 23. Rxg4 Rxg4 24. fxg4 e6 25. Re1
Bxh2 26. Nc3 Bg3 27. Rh1 Be5 28. Rh5 Bd4 29. Bxb7 Rxb7 30. Nb5 Rb6 31. Nxd4
cxd4 32. Kd3 Ra6 33. a4 Rb6 34. Rb5 Rd6 35. b4 Ke7 36. Rh5 Rb6 37. b5 Rb8
38. Kxd4 Rg8 39. g5 Rf8 40. Rh7+ Kd8 41. g6 Rf4+ 42. Ke5 Rxc4 43. g7 Rg4
44. Rh8+ Ke7 45. g8=N+ 1-0

[Event "HB Global CC"]
[Site "Minneapolis USA"]
[Date "2005.05.20"]
[Round "4"]
[White "Gonzalez,Ren"]
[Black "Hess,Ro"]
[Result "1/2-1/2"]
[WhiteElo "2483"]
[BlackElo "2278"]
[EventDate "2005.05.18"]

1. e4 e5 2. Nf3 Nc6 3. Bb5 a6 4. Ba4 d6 5. Bxc6+ bxc6 6. d4 exd4 7. Nxd4 c5
8. Ne2 Nf6 9. Nbc3 Be7 10. O-O O-O 11. f3 Be6 12. Nf4 Nd7 13. Ncd5 Bf6 14.
Rb1 Be5 15. b3 c6 16. Nxe6 fxe6 17. Ne3 d5 18. Ng4 Bc7 19. exd5 exd5 20. f4
h5 21. Nf2 Nf6 22. c4 a5 23. Be3 Re8 24. Qf3 Qd6 25. Rfd1 a4 26. Rbc1 d4
27. Bd2 axb3 28. axb3 Ra2 29. g3 h4 30. Ra1 Rxd2 31. Rxd2 Re3 32. Qxe3 dxe3
33. Rxd6 exf2+ 34. Kxf2 hxg3+ 35. hxg3 Bxd6 36. Kf3 Kf7 37. Ra7+ Be7 38.
Rc7 g6 39. Rxc6 Nh5 40. Ra6 Ng7 41. g4 Ne6 42. Ke4 Nc7 43. Ra7 Ne8 44. Ke5
Ng7 45. Rb7 Ne8 46. Ra7 Kf8 47. Ke6 Ng7+ 48. Kd5 Kf7 49. Ke5 Ne8 50. Rb7
Nd6 51. Rb6 Ne8 52. Ra6 Nc7 53. Rc6 Ne8 54. g5 Ng7 55. Rb6 Nf5 56. Rb7 Nd4
57. Kd5 Nf5 58. b4 Ne3+ 59. Ke4 Nxc4 60. bxc5 Ke6 61. Rb4 Nd2+ 62. Kd3 Bxc5
63. Rb5 Bd6 64. Kxd2 Bxf4+ 65. Kd3 Bc1 66. Ke4 Bd2 67. Re5+ Kf7 68. Kf3 Bc1
69. Kg4 Bd2 70. Rd5 Bc1 71. Rd7+ Kg8 72. Rb7 Bd2 73. Rb5 Kf7 74. Kf3 Ke6
75. Ke4 Bc1 76. Rd5 Ke7 1/2-1/2

[Event "HB Global CC"]
[Site "Minneapolis USA"]
[Date "2005.05.20"]
[Round "4"]
[White "Sharavdorj,D"]
[Black "Kaufman,La"]
[Result "1-0"]
[WhiteElo "2453"]
[BlackElo "2367"]
[EventDate "2005.05.18"]

1. Nf3 d5 2. d4 Nf6 3. c4 c6 4. Nc3 dxc4 5. a4 Bf5 6. Ne5 Nbd7 7. Nxc4 Nd5
8. f3 e5 9. e4 Nxc3 10. bxc3 Be6 11. Ne3 exd4 12. cxd4 Bb4+ 13. Bd2 Bxd2+
14. Qxd2 Nf6 15. Bc4 Bxc4 16. Nxc4 O-O 17. O-O Qe7 18. Rfd1 Rfd8 19. Qc3
Rac8 20. a5 Rc7 21. Rac1 Ne8 22. Ne3 g6 23. Qc5 Qxc5 24. dxc5 Rcd7 25. Rxd7
Rxd7 26. Rb1 Kf8 27. Nc4 Ng7 28. Nd6 Ne6 29. Nxb7 Rd2 30. Nd6 Nxc5 31. Nc4
Ra2 32. Rb8+ Kg7 33. h4 Nd3 34. Rb7 Ra4 35. Nd6 Rxa5 36. Rxf7+ Kg8 37. Rc7
Ra1+ 38. Kh2 Ra2 39. Kg3 Ne1 40. Kf4 Rxg2 41. Ke5 Rd2 42. Nf7 Rf2 43. Nh6+
Kf8 44. Kf6 Rxf3+ 45. Nf5 Ke8 46. Ke6 Kd8 47. Rd7+ Kc8 48. Ne7+ Kb8 49.
Nxc6+ Kc8 50. Nxa7+ Kb8 51. Nc6+ Kc8 52. Ra7 1-0

[Event "HB Global CC"]
[Site "Minneapolis USA"]
[Date "2005.05.20"]
[Round "4"]
[White "Li Wenliang"]
[Black "Kujovic,M"]
[Result "1-0"]
[WhiteElo "2422"]
[BlackElo "2353"]
[EventDate "2005.05.18"]

1. d4 Nf6 2. c4 g6 3. Nc3 d5 4. Bf4 Bg7 5. Rc1 O-O 6. Nf3 a6 7. e3 dxc4 8.
Bxc4 b5 9. Be2 Bb7 10. O-O Nbd7 11. a4 c6 12. h3 b4 13. Na2 a5 14. Ne5 Nd5
15. Nxd7 Qxd7 16. Bg3 f5 17. Bh2 f4 18. Bg4 Qd6 19. Qb3 Kh8 20. Rcd1 c5 21.
Bf3 cxd4 22. exf4 Qd7 23. Nc1 Nxf4 24. Bxb7 Qxb7 25. Bxf4 Rxf4 26. Nd3 Rf5
27. Qe6 Bf6 28. Rc1 Qd5 29. Rfe1 Kg7 30. Rc7 Rd8 31. Qxd5 Rfxd5 32. Kf1
R8d7 33. Rxd7 Rxd7 34. Rc1 Rd5 35. Ke2 Be5 36. Kf3 Bd6 37. Ke4 e6 38. g4 h5
39. f4 Kf6 40. b3 Ke7 41. Rc8 Kd7 42. Rh8 Ke7 43. Rh7+ Kf8 44. Rb7 Be7 45.
Rb8+ Kg7 46. Re8 Kf7 47. Rb8 Kg7 48. Rb6 1-0

[Event "HB Global CC"]
[Site "Minneapolis USA"]
[Date "2005.05.20"]
[Round "4"]
[White "Zlotnikov,M"]
[Black "Van de Mortel,J"]
[Result "1/2-1/2"]
[WhiteElo "2346"]
[BlackElo "2410"]
[EventDate "2005.05.18"]

1. c4 Nf6 2. Nc3 g6 3. g3 Bg7 4. Bg2 O-O 5. Nf3 d6 6. O-O c6 7. d3 h6 8.
Rb1 a5 9. a3 e5 10. b4 axb4 11. axb4 Be6 12. b5 Nbd7 13. Nd2 d5 14. Qc2 Qe7
15. Bb2 Nc5 16. bxc6 bxc6 17. Ra1 dxc4 18. Nxc4 Bxc4 19. dxc4 e4 20. Na4
Nfd7 21. Bxg7 Kxg7 22. Nxc5 Nxc5 23. Rxa8 Rxa8 24. Qc3+ Kg8 25. Rd1 Rd8 26.
Ra1 Qd6 27. h3 Qd4 28. Qxd4 Rxd4 29. Ra8+ Kg7 30. Rc8 Rxc4 31. Rxc6 f5
1/2-1/2

[Event "HB Global CC"]
[Site "Minneapolis USA"]
[Date "2005.05.20"]
[Round "4"]
[White "Salimbagat,R"]
[Black "Vavrak,P"]
[Result "0-1"]
[WhiteElo "2379"]
[BlackElo "2406"]
[EventDate "2005.05.18"]

1. e4 e6 2. d4 d5 3. Nc3 Bb4 4. e5 c5 5. a3 Ba5 6. dxc5 Bxc3+ 7. bxc3 Ne7
8. Nf3 Qa5 9. Bd2 Qxc5 10. Bd3 Nbc6 11. O-O Ng6 12. Qe2 O-O 13. Ng5 h6 14.
Nf3 Bd7 15. h4 d4 16. Bxg6 fxg6 17. Qe4 dxc3 18. Bxh6 Rf5 19. Bf4 Raf8 20.
Bg3 Rxf3 21. gxf3 Nd4 22. Qxg6 Be8 23. Qg4 Bc6 24. Kh2 Bxf3 25. Qg6 Qd5 26.
Rae1 Rf5 27. Qe8+ Rf8 28. Qg6 Bg2 29. f4 Nf3+ 30. Rxf3 Bxf3 31. Rf1 Be4 32.
Qg5 Qd2+ 33. Rf2 Qc1 0-1

[Event "HB Global CC"]
[Site "Minneapolis USA"]
[Date "2005.05.20"]
[Round "4"]
[White "Shen Siyuan"]
[Black "Milman,L"]
[Result "0-1"]
[WhiteElo "2232"]
[BlackElo "2439"]
[EventDate "2005.05.18"]

1. Nf3 d5 2. d4 Nf6 3. c3 e6 4. Bg5 c5 5. e3 h6 6. Bf4 Nc6 7. Nbd2 Bd6 8.
Bg3 Bxg3 9. hxg3 Qd6 10. Qa4 cxd4 11. Nxd4 O-O 12. Nxc6 bxc6 13. Qh4 e5 14.
Be2 Rb8 15. O-O-O Be6 16. g4 Nh7 17. g5 Nxg5 18. f4 Nh7 19. Bd3 e4 20. Bc2
c5 21. f5 Bxf5 22. g4 Bg6 23. Rdg1 Ng5 24. Rh2 Qb6 25. b3 c4 26. Rg3 cxb3
27. axb3 Rfc8 0-1

[Event "HB Global CC"]
[Site "Minneapolis USA"]
[Date "2005.05.20"]
[Round "4"]
[White "Batchimeg,T"]
[Black "Kraai,J"]
[Result "0-1"]
[WhiteElo "2205"]
[BlackElo "2416"]
[EventDate "2005.05.18"]

1. e4 e6 2. d4 d5 3. Nc3 Nf6 4. Bg5 dxe4 5. Nxe4 Be7 6. Bxf6 Bxf6 7. Nf3
Nd7 8. c3 Be7 9. Bd3 O-O 10. h4 c5 11. dxc5 f5 12. Neg5 Nxc5 13. Bc4 h6 14.
Qxd8 Rxd8 15. Nh3 Bf6 16. Rd1 Rxd1+ 17. Kxd1 b5 18. Be2 e5 19. Bxb5 Be6 20.
b3 Ne4 21. Kc2 Rc8 22. c4 a6 23. a4 axb5 24. axb5 Ra8 25. Rb1 f4 26. Rb2
Bf5 27. b4 Nd6+ 28. Kb3 Be6 29. Nd2 Nxb5 30. Ra2 Nd4+ 31. Kb2 Rc8 32. Kc3
Ne2+ 33. Kc2 Bf5+ 0-1

[Event "HB Global CC"]
[Site "Minneapolis USA"]
[Date "2005.05.20"]
[Round "5"]
[White "Van Wely,L"]
[Black "Najer,E"]
[Result "1/2-1/2"]
[WhiteElo "2687"]
[BlackElo "2615"]
[EventDate "2005.05.18"]

1. d4 d5 2. c4 c6 3. Nc3 Nf6 4. Nf3 a6 5. a4 e6 6. Bg5 Nbd7 7. Qc2 Be7 8.
e3 O-O 9. a5 h6 10. Bh4 c5 11. cxd5 Nxd5 12. Bxe7 Nxe7 13. dxc5 Nxc5 14. b4
Nd7 15. Be2 Nc6 16. Rb1 Qe7 17. Qe4 Nf6 18. Qh4 e5 19. Ne4 Nxe4 20. Qxe4 g6
21. Rb2 Rd8 22. O-O Bf5 23. Qh4 Qxh4 24. Nxh4 Bd3 25. Bxd3 Rxd3 26. Nf3 Rd5
27. Nd2 Rad8 28. Nc4 e4 29. h3 Kf8 30. Rfb1 Rd1+ 31. Rxd1 Rxd1+ 32. Kh2 Rd5
33. g4 Ke7 34. Kg3 Ke6 35. Na3 Rd3 36. Nc4 Rd5 1/2-1/2

[Event "HB Global CC"]
[Site "Minneapolis USA"]
[Date "2005.05.20"]
[Round "5"]
[White "Filippov,Va"]
[Black "Mikhalevski,V"]
[Result "1/2-1/2"]
[WhiteElo "2621"]
[BlackElo "2572"]
[EventDate "2005.05.18"]

1. c4 Nf6 2. Nc3 d5 3. cxd5 Nxd5 4. g3 g6 5. Bg2 Nxc3 6. bxc3 Bg7 7. Rb1
Nd7 8. c4 O-O 9. d3 c6 10. Qc2 h5 11. Nf3 Ne5 12. O-O Nxf3+ 13. Bxf3 Qc7
14. Bf4 e5 15. Be3 Bh3 16. Rfc1 f5 17. c5 Bg4 18. Rb4 Bxf3 19. exf3 f4 20.
gxf4 exf4 21. Qc4+ Rf7 22. Bxf4 Qxf4 23. Qxf4 Rxf4 24. Rxf4 Bh6 25. Rcc4
Bxf4 26. Rxf4 Rd8 27. d4 Kg7 28. Kf1 b6 29. Ke2 Rd5 30. Re4 bxc5 31. dxc5
a5 32. Rc4 Kf6 33. f4 Ke6 34. Ke3 Kf5 35. h3 Kf6 36. Ke4 Ke6 37. Rc3 Kf7
1/2-1/2

[Event "HB Global CC"]
[Site "Minneapolis USA"]
[Date "2005.05.20"]
[Round "5"]
[White "Georgiev,Vl"]
[Black "Fridman,D2"]
[Result "1/2-1/2"]
[WhiteElo "2535"]
[BlackElo "2562"]
[EventDate "2005.05.18"]

1. d4 d5 2. c4 c6 3. cxd5 cxd5 4. Nc3 Nf6 5. Bf4 Nc6 6. e3 Bf5 7. Nf3 e6 8.
Bd3 Bxd3 9. Qxd3 Be7 10. O-O O-O 11. Ne5 Nxe5 12. Bxe5 Nd7 13. Bg3 a6 14.
Rac1 Rc8 15. Rc2 Qa5 16. Rfc1 Rc6 17. f3 Rfc8 18. Be1 g6 19. a3 Qd8 20. Na2
Nb8 21. Rxc6 Rxc6 22. Rxc6 Nxc6 23. Nc1 Qb6 24. Qc3 Bd6 25. Nd3 Qc7 26. f4
b6 27. Ne5 Nxe5 28. fxe5 Qxc3 29. Bxc3 Be7 30. Kf2 Kg7 31. e4 1/2-1/2

[Event "HB Global CC"]
[Site "Minneapolis USA"]
[Date "2005.05.20"]
[Round "5"]
[White "Sadvakasov,D"]
[Black "Kiriakov,P"]
[Result "1/2-1/2"]
[WhiteElo "2605"]
[BlackElo "2565"]
[EventDate "2005.05.18"]

1. e4 e6 2. d4 d5 3. Nc3 Nf6 4. Bg5 dxe4 5. Nxe4 Be7 6. Bxf6 gxf6 7. Nf3 f5
8. Nc3 a6 9. Qd2 b5 10. O-O-O Bb7 11. Qe3 b4 12. Ne2 Qd5 13. Kb1 Nd7 14.
Nf4 Qe4 15. Qd2 Bd6 16. Nd3 a5 17. Be2 Rg8 18. Rhe1 O-O-O 19. Bf1 Qc6 20.
Qh6 Qb6 21. Qxh7 Bxf3 22. gxf3 Rdf8 23. Qh6 Rh8 24. Qe3 Nf6 25. h3 Nd5 26.
Qe2 c6 27. Ka1 a4 28. Ne5 a3 29. Qa6+ Qxa6 30. Bxa6+ Kc7 1/2-1/2

[Event "HB Global CC"]
[Site "Minneapolis USA"]
[Date "2005.05.20"]
[Round "5"]
[White "Novikov,I"]
[Black "Ivanov,AV USA"]
[Result "1/2-1/2"]
[WhiteElo "2589"]
[BlackElo "2563"]
[EventDate "2005.05.18"]

1. d4 Nf6 2. c4 e6 3. Nf3 b6 4. g3 Ba6 5. b3 Bb4+ 6. Bd2 Be7 7. Nc3 O-O 8.
Qc2 d5 9. cxd5 Nxd5 10. Rd1 c5 11. dxc5 bxc5 12. Nxd5 exd5 13. e3 Qb6 14.
Bxa6 Qxa6 15. Bc3 Rd8 16. Qe2 Qe6 17. O-O Nc6 18. Rd3 a5 19. Rfd1 d4 20.
Be1 a4 21. Qc2 axb3 22. axb3 Rab8 23. Rc1 h6 24. exd4 Nxd4 25. Nxd4 Rxd4
26. Rxd4 cxd4 27. Qd3 Rxb3 28. Qxd4 Rb8 29. Bc3 Bf6 30. Qf4 Rc8 31. Bxf6
Rxc1+ 32. Qxc1 Qxf6 1/2-1/2